000 00664nam a2200277Ia 4500
005 20260324115218.0
008 008 260324s9999 xx 000 0 eng d
020 _a9781315108612
037 _aEBOOK
040 _aCRL
040 _beng
040 _cCRL
041 _2eng
041 _aeng
084 _qCRL
100 _aJohn S. Newman; Vincent S. Battaglia
_91153791
245 4 _aThe Newman Lectures on Thermodynamics
260 _bTaylor and Francis
260 _c2019
365 _a
365 _b79.99
856 _uhttp://www.taylorfrancis.com/books/9781315108612
942 _cEBOOK
999 _c1744513
_d1744513